Представление документа в формате RUSMARC

ПолеНазваниеЗначение
  Тип записи a
  Библиографический уровень a
001 Контрольный номер RU/CBS_UL/BASE/708008398
005 Дата корректировки 20250122233009.0
100 Данные общей обработки __
a Данные общей обработки 20220608d2022 ||| 0rusy0189 ca
101 Язык документа 0_
a Язык текста rus
102 Страна публикации __
a Страна публикации RU
105 Кодированные данные (монография) __
a Кодированные данные (монография) y###||||000|y
181 Поле кодированных данных: вид содержания _1
a Код вида содержания (ISBD) i#
b Код характеристики содержания (ISBD) #xxe##
d i
g x
h x
i e
2 Код системы (источник кода, отличный от ISBD) isbdcontent
182 Поле кодированных данных: тип средства _1
a Код типа средства (ISBD) n
2 Код системы (источник кода, отличный от ISBD) isbdmedia
200 Заглавие и сведения об ответственности 1_
a Заглавие Инфаркт по осени считают
b Общее обозначение материала Текст
e Сведения, относящиеся к заглавию [беседа с заместителем директора Национальногог медицинского исследовательского центра сердечно-сосудистой хирургии им. Бакулева академиком РАН Ю.И. Бузиашвили о том, ждать ли нам резкого роста сердечно-соудистых заболеваний из-за последствий пандемии, а также экономической и политической неопределённости в мире]
f Первые сведения об ответственности Л. Юдина
w Текст (визуальный) : непосредственный
203 Вид содержания и тип средства __
a Вид содержания Текст
b Характеристика содержания визуальный
c Тип средства непосредственный
300 Общие примечания __
a Общие примечания Содерж. : Как сохранить сердце здоровым?
333 Примечание о целевом назначении __
a Примечание о целевом назначении 16+
461 Уровень набора _0
1 2000
a Аргументы и факты
463 Уровень физической единицы _0
1 001RU/CBS_UL/BASE/708005996
1 2000
a № 23 (8-14 июня)
v С. 13 : фот.
1 210
d 2022
606 Тематические рубрики 0_
a Основная рубрика Сердечно-сосудистая система - Болезни
610 Ключевые слова 0_
a Ключевые слова болезни сердца
a Ключевые слова сердечные болезни
a Ключевые слова сердечно-сосудистые болезни
a Ключевые слова сердечная недостаточность
686 Индексы других классификаций __
a Классификационный индекс 54.101
2 Код системы rubbk
700 Автор _1
a Фамилия Юдина
b Имя (инициалы) Л.
801 Источник записи _0
a Страна RU
b Организация МБУК ЦБС г. Ульяновска
c Дата составления 20220608
g Правила каталогизации RCR
801 Источник записи _1
a Страна RU
b Организация МБУК ЦБС г. Ульяновска
c Дата составления 20220608
g Правила каталогизации RCR
901 Тип документа __
t Тип документа f
w Контрольный № источника RU/CBS_UL/BASE/708005996
910 Корректоры записи __
a Корректор записи Библиотека 1-2
938 Служебная информация __
a Имя БД period